The doctrine of descent and darwinism. With twenty-six woodcuts. Second edition
Salvato in:
| Autore principale: | |
|---|---|
| Natura: | Libro |
| Lingua: | inglese |
| Pubblicazione: |
Londres
Henry S. King & Co.
1875
|
| Edizione: | 2a. ed |
| Serie: | <The >International Scientific Series, XII
|
| Soggetti: | |
| Tags: |
Aggiungi Tag
Nessun Tag, puoi essere il primo ad aggiungerne!!
|
MARC
| LEADER | 00000nam a2200000 a 4500 | ||
|---|---|---|---|
| 001 | UCJ7056 | ||
| 003 | CL-VaPUC | ||
| 008 | 070124e18750000UK |||||||||||||||||eng|d | ||
| 082 | 0 | 4 | |a 574 |b SCH |2 21 |
| 100 | 0 | |a Schmidt, Oscar |e author |9 514941 | |
| 245 | 1 | 4 | |a The doctrine of descent and darwinism. With twenty-six woodcuts. Second edition |
| 250 | |a 2a. ed | ||
| 300 | |a iv, 334 p | ||
| 942 | |c BK | ||
| 945 | |d 20070124 00:00:00 |a rinostro | ||
| 260 | |a Londres |b Henry S. King & Co. |c 1875 | ||
| 500 | |a Ilustraciones conforme a lo señalado en índice | ||
| 650 | 0 | |a Evolución |9 259442 | |
| 650 | 7 | |a DARWINISMO |2 CL-VaPUC |9 454284 | |
| 650 | 0 | |a Paleontología |9 314794 | |
| 650 | 0 | |a Geología |9 260984 | |
| 650 | 7 | |a SELECCION NATURAL |2 CL-VaPUC |9 261742 | |
| 650 | 0 | |a Ilustraciones |9 369481 | |
| 583 | |a last modification |c 20070124 00:00:00 |k Rodrigo Vera | ||
| 490 | 0 | |a <The >International Scientific Series, XII | |
| 999 | |c 323158 |d 323156 | ||
| 952 | |0 0 |1 0 |4 0 |6 574_000000000000000_SCH_1875 |7 0 |8 X |9 402532 |a FDOBUD |b FDOBUD |d 2019-11-22 |i 1057820 |o 574 SCH 1875 |p 1057820 |r 2019-11-22 |w 2019-11-22 |y BK_X |k BUD | ||